|
|
|
|
| LEADER |
00724cam a2200193 7i4500 |
| 001 |
0000014692 |
| 005 |
20170218090000.0 |
| 008 |
070508 bm |
| 090 |
0 |
0 |
|a HF5549
|b .A41 2005
|
| 100 |
1 |
|
|a Ahmad Dzarfan Nawawi
|
| 245 |
1 |
0 |
|a Kajian keberkesanan latihan jualan di Syarikat Convenience Shopping Sdn. Bhd.
|c Ahmad Dzarfan bin Nawawi.
|
| 260 |
|
|
|a Bestari Jaya, Selangor:
|b UNISEL,
|c 2005.
|
| 300 |
|
|
|a xv,117 p.;
|c 30 cm.
|
| 610 |
2 |
|
|a Universiti Industri Selangor
|
| 650 |
0 |
0 |
|a Employees --
|x Training of
|
| 650 |
0 |
0 |
|a Sales --
|z Malaysia
|
| 650 |
0 |
0 |
|a Selling
|
| 997 |
|
|
|a Business & Accountancy, Faculty
|
| 999 |
|
|
|a PRC0000185
|b PROJECT REPORT COLLECTION
|c PROJECT REPORT COLLECTION
|e 2nd Floor, Shah Alam
|